000 01222nam0a22002651 4500
001 v19\rc\1314583
005 20250618033827.0
035 _a(NLR Aleph) 004470576
090 _a4560110
_c4560110
100 _a20060512d1900 |||y0rusy50 ca
101 0 _arus
102 _aRU
105 _aa z |||||
200 1 _aОтчет о реставрации древней деревянной башни в г. Арске, Казанской губернии
_eДоложен в общ. собрании О-ва археологии, истории и этнографии при Казанск. ун-те 27 окт. 1900 г.
210 _a[Казань]
_cтипо-лит. Казанск. ун-та
_d1900
215 _a3 с., 2 л. ил.
_d24
300 _aВ конце текста авт.: действ. чл. О-ва В. Борисов
309 _aБез тит. л. и обл.
700 1 _aБорисов
_bВ. Л.
_cспециалист сферы образования, историк
_f-ок.1919
_gВладимир Леонидович
_9229849
_3RU\NLR\AUTH\770229905
801 0 _aRU
_bNLR
_gpsbo
801 1 _aRU
_bProSoft-M
_2rusmarc
852 _aNLR
_j20.58.1.39
942 _cBOOK
980 _aNB